000 01128nam a22003617a 4500
003 OSt
005 20230816115138.0
008 221006b |||||||| |||| 00| 0 eng d
020 _a1696-6690
040 _cBiblioteca Lado V
082 _a700
_bW223b
100 _9940
_aWalsh, Meeka
_eeditor
245 _aBorder Crossings/
_bA Magazine of the Arts/
260 _bArts Manitoba Publications Inc.
_c2001
_aCanada
300 _c21.5x28 cm
_a145p.
490 _a78
_v2001
505 _tBordernotes
505 _tBorderviews
505 _tColumns
505 _tInterviewa
505 _tArticles
505 _tArt Pages
505 _tFiction
505 _tPortfolio
505 _tCrossovers
650 _2Tesauro de Arte & Arquitectura
_aARTE
_9703
650 _2Tesauro de Arte & Arquitectura
_aARTE CONTEMPORANEO
650 _2Tesauro de Arte & Arquitectura
_aCRITICA
650 _2Tesauro de Arte & Arquitectura
_aAPRECIACION
650 _2Tesauro de Arte & Arquitectura
_aPUBLICACION PERIODICA
651 _2Tesauro de Arte & Arquitectura
_aCANADA
942 _2ddc
_c1
_h700
_iW223b
_n0
999 _c4130
_d4130